Statistiken für Die 10 Spieler mit den meisten Titeln

Klicken Sie hier um das Quiz zu spielen!

Allgemein

  • Dieses Quiz wurde 131 mal gespielt
  • Das Durchschnittsergebnis liegt bei 4 aus 10

Antwortstatistiken

TitelNationAntwort% Korrekt
41ArgentinienLionel Messi
99%
34PortugalCristiano Ronaldo
95%
33SchwedenZlatan Ibrahimovic
77%
42BrasilienDani Alves
49%
37SpanienGerard Pique
34%
34SpanienSergio Busquets
30%
36FrankreichKarim Benzema
27%
33BrasilienThiago Silva
15%
37ÄgyptenHossam Ashour
1%
34SpanienThiago Alcantara
1%

Verteilung der Resultate

Perzentil nach korrekt beantworteten Fragen

Anzahl Personen mit jedem Resultat

Ihre Resultats-Entwicklung

Sie haben dieses Quiz noch nicht gespielt